Communalism : a primer / (Record no. 24216)

MARC details
000 -LEADER
fixed length control field 00849nam a22002291 4500
005 - DATE AND TIME OF LATEST TRANSACTION
control field 20050808122104.0
008 - FIXED-LENGTH DATA ELEMENTS--GENERAL INFORMATION
fixed length control field 721219s1962 nyu 000 0 eng
020 ## - INTERNATIONAL STANDARD BOOK NUMBER
International Standard Book Number 9788123753607
Terms of availability 55.00
037 ## - SOURCE OF ACQUISITION
Source of stock number/acquisition North India Publishers & Distributors
040 ## - CATALOGING SOURCE
Original cataloging agency dpl
Language of cataloging English
100 ## - MAIN ENTRY--PERSONAL NAME
Personal name Chandra, Bipan
245 ## - TITLE STATEMENT
Title Communalism : a primer /
Remainder of title by Bipin Chandra
260 ## - PUBLICATION, DISTRIBUTION, ETC. (IMPRINT)
Place of publication, distribution, etc New Delhi
Name of publisher, distributor, etc National Book Trust
Date of publication, distribution, etc 2007
270 ## - ADDRESS
Address Director, NBT, Nehru Bhawan, Institutional Area, Phase-II, Vasant Kunj
City New Delhi
Postal code 110070
300 ## - PHYSICAL DESCRIPTION
Extent 121 p.
Dimensions 22 cm. (pbk)
500 ## - GENERAL NOTE
General note includes appendix
600 ## - SUBJECT ADDED ENTRY--PERSONAL NAME
Personal name Rekha Sinha
700 ## - ADDED ENTRY--PERSONAL NAME
Personal name Rekha Sinha
942 ## - ADDED ENTRY ELEMENTS (KOHA)
Source of classification or shelving scheme Dewey Decimal Classification
Item type English Books
Call number suffix CHA
Holdings
Withdrawn status Lost status Source of classification or shelving scheme Damaged status Not for loan Collection code Home library Current library Date acquired Cost, normal purchase price Total Checkouts Full call number Date last seen
    Dewey Decimal Classification   Ordered Non-fiction Andrews Gunj Andrews Gunj 24/02/2009 55.00   CHA 24/02/2009

© Delhi Public Library
Hit Counter
free hit counter